[Event "DSM WK M 2015"]
[Site "Karlsruhe GER"]
[Date "2015.05.09"]
[Round "6"]
[White "Bolender, Luisa"]
[Black "König, Isabel"]
[Result "1-0"]
[Termination "normal"]
[Board "4.2"]
[WhiteElo "1167"]
[BlackElo "1073"]
[WhiteTeam "Konrad-Duden-Schule Bad Hersfeld"]
[BlackTeam "Gymnasium Altenholz"]
[PlyCount "46"]
[WhiteFideId "12996483"]
[BlackFideId "16210000"]
[EventCountry "GER"]
[EventRounds "7"]
[EventType "team-swiss"]
[EventDate "2015.05.07"]

1. e4 c5 2. Nf3 e6 3. d4 cxd4 4. Nxd4 d6 5. Nc3 Nf6 6. Be3 Be7 7. Be2 O-O 8.
O-O Qc7 9. Ndb5 Qd7 10. Nxa7 Nc6 11. Nab5 Ne5 12. f4 Ng6 13. Nd4 b6 14. Rb1 Bb7
15. Ndb5 Rfd8 16. Qd4 e5 17. fxe5 dxe5 18. Qxd7 Nxd7 19. Nc7 Ra5 20. N7d5 Bxd5
21. Nxd5 Rxa2 22. Bxb6 Nxb6 23. Nxe7+ Nxe7 1-0

[Event "DSM WK M 2015"]
[Site "Karlsruhe GER"]
[Date "2015.05.09"]
[Round "6"]
[White "Caliebe, Frauke"]
[Black "Schäfer, Jessica"]
[Result "1/2-1/2"]
[Termination "normal"]
[Board "4.3"]
[WhiteElo "969"]
[BlackElo "1091"]
[WhiteTeam "Gymnasium Altenholz"]
[BlackTeam "Konrad-Duden-Schule Bad Hersfeld"]
[PlyCount "38"]
[BlackFideId "12996491"]
[EventCountry "GER"]
[EventRounds "7"]
[EventType "team-swiss"]
[EventDate "2015.05.07"]

1. d4 d5 2. c4 e5 3. e3 exd4 4. exd4 Nf6 5. Nf3 Bb4+ 6. Nc3 Qe7+ 7. Be2 dxc4 8.
O-O O-O 9. Bxc4 c6 10. a3 Bd6 11. Re1 Qc7 12. b4 b5 13. Bb3 Bf5 14. Qd2 a5 15.
Ne2 axb4 16. a4 bxa4 17. Bxa4 Re8 18. Bb2 Ne4 19. Qc1 Rd8 1/2-1/2

[Event "DSM WK M 2015"]
[Site "Karlsruhe GER"]
[Date "2015.05.09"]
[Round "6"]
[White "Nguyen, Mai Chi"]
[Black "Mewis, Rebekka"]
[Result "1-0"]
[Termination "normal"]
[Board "4.4"]
[WhiteElo "800"]
[BlackElo "800"]
[WhiteTeam "Konrad-Duden-Schule Bad Hersfeld"]
[BlackTeam "Gymnasium Altenholz"]
[PlyCount "63"]
[EventCountry "GER"]
[EventRounds "7"]
[EventType "team-swiss"]
[EventDate "2015.05.07"]

1. e4 e5 2. Nf3 Nc6 3. Nc3 Nf6 4. Bb5 Bb4 5. d3 d6 6. Bxc6+ bxc6 7. Bd2 Bg4 8.
h3 Bh5 9. a3 Ba5 10. b4 Bb6 11. Qe2 d5 12. exd5 cxd5 13. Qxe5+ Kf8 14. O-O Qe7
15. Qxe7+ Kxe7 16. Rfe1+ Kf8 17. a4 Bxf3 18. gxf3 Bd4 19. Rab1 c6 20. b5 cxb5
21. Nxb5 Bc5 22. Nc7 Rc8 23. Nb5 a6 24. Nc3 Bb4 25. Rxb4 Nd7 26. Nxd5 f6 27.
Rb7 Rd8 28. Re7 Nc5 29. Rbc7 Re8 30. Rf7+ Kg8 31. Rxg7+ Kf8 32. Rcf7# 1-0

[Event "DSM WK M 2015"]
[Site "Karlsruhe GER"]
[Date "2015.05.09"]
[Round "6"]
[White "Hiller, Samira"]
[Black "Dorendorf, Lena"]
[Result "1-0"]
[Termination "time forfeit"]
[Board "5.1"]
[WhiteElo "959"]
[BlackElo "1125"]
[WhiteTeam "Martin-Andersen-Nexö-Gymnasium Dresden"]
[BlackTeam "Gymnasium Gadebusch"]
[PlyCount "144"]
[BlackFideId "12983373"]
[EventCountry "GER"]
[EventRounds "7"]
[EventType "team-swiss"]
[EventDate "2015.05.07"]

1. e4 e5 2. Nf3 Nc6 3. Bc4 Nf6 4. Nc3 Bc5 5. Nxe5 Nxe5 6. d4 Nxc4 7. dxc5 Ne5
8. Qe2 d6 9. h3 dxc5 10. Bf4 Qe7 11. Bg5 Qe6 12. Qb5+ Ned7 13. Bxf6 c6 14. Qd3
Nxf6 15. O-O Nh5 16. Ne2 Qg6 17. Ng3 O-O 18. Rfe1 Be6 19. b3 Rfe8 20. Kh2 Rad8
21. Qf3 Nxg3 22. Qxg3 Qxg3+ 23. fxg3 Rd4 24. c3 Rd2 25. Kg1 Rd3 26. Kf2 Rxc3
27. Rac1 Rxc1 28. Rxc1 Rd8 29. Rxc5 Rd2+ 30. Kf1 Rxa2 31. b4 Rb2 32. b5 Rxb5
33. Rc2 a5 34. Rd2 h6 35. Rd8+ Kh7 36. Ra8 Re5 37. Kf2 Rxe4 38. Rxa5 b5 39. Ra6
Bd5 40. Rb6 b4 41. Kf3 c5 42. Rb5 Rc4+ 43. Ke3 Rc3+ 44. Kd2 Bxg2 45. h4 f5 46.
h5 Rxg3 47. Rxc5 Rg5 48. Rb5 Rxh5 49. Rxb4 g5 50. Rc4 f4 51. Rc7+ Kg6 52. Rd7
g4 53. Rd4 Rf5 54. Rd6+ Rf6 55. Rd8 h5 56. Rg8+ Kf5 57. Rh8 Kg5 58. Rg8+ Kh4
59. Ke2 f3+ 60. Kf2 g3+ 61. Rxg3 Rf4 62. Rg8 Rg4 63. Rf8 Kg5 64. Rg8+ Kf4 65.
Rf8+ Kg5 66. Rc8 h4 67. Rc5+ Kf4 68. Rc4+ Kf5 69. Rc5+ Kf4 70. Rc8 h3 71. Rf8+
Ke4 72. Re8+ Kf4 1-0

[Event "DSM WK M 2015"]
[Site "Karlsruhe GER"]
[Date "2015.05.09"]
[Round "6"]
[White "Lübbert, Charline"]
[Black "Gramova, Tania"]
[Result "1-0"]
[Termination "normal"]
[Board "5.2"]
[WhiteElo "1228"]
[BlackElo "822"]
[WhiteTeam "Gymnasium Gadebusch"]
[BlackTeam "Martin-Andersen-Nexö-Gymnasium Dresden"]
[PlyCount "45"]
[WhiteFideId "12983381"]
[EventCountry "GER"]
[EventRounds "7"]
[EventType "team-swiss"]
[EventDate "2015.05.07"]

1. e4 e5 2. Nf3 Nc6 3. Nc3 Bc5 4. Bc4 Nf6 5. d3 h6 6. Be3 Bxe3 7. fxe3 d6 8.
Qd2 Bd7 9. Nd5 Be6 10. Rf1 O-O 11. O-O-O a6 12. a3 b5 13. Ba2 Bxd5 14. Bxd5
Nxd5 15. exd5 Ne7 16. e4 c6 17. dxc6 Nxc6 18. d4 exd4 19. Nxd4 Nxd4 20. Qxd4
Qg5+ 21. Kb1 Qxg2 22. Rg1 Qxh2 23. Qxg7# 1-0

[Event "DSM WK M 2015"]
[Site "Karlsruhe GER"]
[Date "2015.05.09"]
[Round "6"]
[White "Weber, Alexandra"]
[Black "Albrecht, Marie"]
[Result "1-0"]
[Termination "normal"]
[Board "5.3"]
[WhiteElo "843"]
[BlackElo "991"]
[WhiteTeam "Martin-Andersen-Nexö-Gymnasium Dresden"]
[BlackTeam "Gymnasium Gadebusch"]
[PlyCount "29"]
[BlackFideId "12983390"]
[EventCountry "GER"]
[EventRounds "7"]
[EventType "team-swiss"]
[EventDate "2015.05.07"]

1. e4 e5 2. Nf3 Nc6 3. Bb5 Qf6 4. Nc3 Bb4 5. Nd5 Qe6 6. Nxc7+ Ke7 7. Nxe6 dxe6
8. c3 Bc5 9. d3 Nf6 10. Bg5 Rd8 11. O-O Na5 12. b4 Nc6 13. bxc5 Kf8 14. Bxf6
gxf6 15. Qd2 1-0

[Event "DSM WK M 2015"]
[Site "Karlsruhe GER"]
[Date "2015.05.09"]
[Round "6"]
[White "Groß, Sarah"]
[Black "Hutschenreiter, Pia"]
[Result "1-0"]
[Termination "normal"]
[Board "5.4"]
[WhiteElo "800"]
[BlackElo "800"]
[WhiteTeam "Gymnasium Gadebusch"]
[BlackTeam "Martin-Andersen-Nexö-Gymnasium Dresden"]
[PlyCount "47"]
[EventCountry "GER"]
[EventRounds "7"]
[EventType "team-swiss"]
[EventDate "2015.05.07"]

1. e4 e5 2. Nf3 Nc6 3. Nc3 Nf6 4. Bc4 Bc5 5. d3 d6 6. Bg5 Bg4 7. h3 Bh5 8. O-O
O-O 9. Nd5 h6 10. Bh4 Qd7 11. a3 Na5 12. Bxf6 gxf6 13. Nxf6+ Kg7 14. Nxd7 Rfd8
15. Nxc5 c6 16. Qd2 d5 17. Ba2 Rf8 18. Qxa5 b6 19. Qc3 bxc5 20. Qxe5+ Kg6 21.
Nh4+ Kh7 22. Qxh5 Rfe8 23. Qxf7+ Kh8 24. Ng6# 1-0

[Event "DSM WK M 2015"]
[Site "Karlsruhe GER"]
[Date "2015.05.09"]
[Round "6"]
[White "Bykov, Ilona"]
[Black "Shevchenko, Alyona"]
[Result "1-0"]
[Termination "normal"]
[Board "6.1"]
[WhiteElo "1363"]
[BlackElo "941"]
[WhiteTeam "Kant-Gymnasium Karlsruhe"]
[BlackTeam "Goethe-Gymnasium Karlsruhe"]
[PlyCount "135"]
[WhiteFideId "12964433"]
[BlackFideId "12983420"]
[EventCountry "GER"]
[EventRounds "7"]
[EventType "team-swiss"]
[EventDate "2015.05.07"]

1. e4 e5 2. Nf3 Nc6 3. Bb5 d6 4. c3 Nf6 5. d3 a6 6. Ba4 Bg4 7. O-O d5 8. Qe2
Bc5 9. Bg5 O-O 10. Nbd2 Qd6 11. Bxf6 Qxf6 12. exd5 Ne7 13. Qxe5 Qxe5 14. Nxe5
Bf5 15. d4 Bd6 16. Ndf3 Nxd5 17. Nd7 Bxd7 18. Bxd7 Rad8 19. Bh3 Nf4 20. Bf5
Ne2+ 21. Kh1 c5 22. g3 cxd4 23. cxd4 Bb4 24. Rad1 Rd5 25. Bd3 Nxd4 26. Nxd4
Rxd4 27. Bxh7+ Kxh7 28. Rxd4 Bc5 29. Rd7 b5 30. Rc7 Bd4 31. b3 f6 32. Rc6 a5
33. Ra6 Bc3 34. Rb6 b4 35. Rb5 Ra8 36. Rd1 a4 37. Kg2 axb3 38. axb3 Ra3 39. Rb1
Ra1 40. Rxa1 Bxa1 41. Rxb4 Bc3 42. Rb7 Kh6 43. b4 Be5 44. Kf3 g6 45. b5 Kg5 46.
Rf7 Bd4 47. Rc7 Be5 48. Rc6 Kf5 49. b6 g5 50. b7 g4+ 51. Ke3 Kg5 52. Rc8 Kg6
53. b8=Q Bxb8 54. Rxb8 Kg5 55. Rg8+ Kf5 56. f3 gxf3 57. Kxf3 Ke5 58. h4 f5 59.
h5 Kd4 60. h6 f4 61. g4 Kd3 62. h7 Kd4 63. h8=Q+ Kd3 64. Rd8+ Kc4 65. Qd4+ Kb3
66. Qc5 Kb2 67. Rb8+ Ka1 68. Qa3# 1-0

[Event "DSM WK M 2015"]
[Site "Karlsruhe GER"]
[Date "2015.05.09"]
[Round "6"]
[White "Platonova, Elisaveta"]
[Black "Ignatova, Nadja"]
[Result "0-1"]
[Termination "normal"]
[Board "6.2"]
[WhiteElo "911"]
[BlackElo "1180"]
[WhiteTeam "Goethe-Gymnasium Karlsruhe"]
[BlackTeam "Kant-Gymnasium Karlsruhe"]
[PlyCount "104"]
[WhiteFideId "16200349"]
[EventCountry "GER"]
[EventRounds "7"]
[EventType "team-swiss"]
[EventDate "2015.05.07"]

1. e4 e5 2. Nf3 Nc6 3. Bc4 Bc5 4. c3 d6 5. d4 exd4 6. cxd4 Bb4+ 7. Bd2 Bg4 8.
h3 Bh5 9. a3 Ba5 10. b4 Bb6 11. Be2 Bxf3 12. Bxf3 Bxd4 13. Bc3 Bf6 14. O-O Ne5
15. Ra2 Ne7 16. Nd2 O-O 17. Nb3 N7g6 18. Bxe5 Nxe5 19. Rc2 Rc8 20. Bg4 Nxg4 21.
Qxg4 Re8 22. Re2 d5 23. Nc5 dxe4 24. Nxe4 Be5 25. Rd2 Qe7 26. Rd7 Qf8 27. Nc5
b6 28. Ne4 f5 29. Qf3 fxe4 30. Qxe4 Bh2+ 31. Kxh2 Rxe4 32. f3 Qf4+ 33. Kh1 Re2
34. Rg1 Rce8 35. Rdd1 Qg3 36. Rc1 Re1 37. Rcxe1 Rxe1 38. a4 Rxg1+ 39. Kxg1 Qe1+
40. Kh2 Qxb4 41. a5 Qxa5 42. h4 c5 43. g4 c4 44. g5 c3 45. h5 Qxg5 46. Kh3 c2
47. f4 Qxh5+ 48. Kg3 c1=Q 49. Kf2 Qh3 50. f5 Qd2+ 51. Kg1 Qa3 52. f6 Qac1# 0-1

[Event "DSM WK M 2015"]
[Site "Karlsruhe GER"]
[Date "2015.05.09"]
[Round "6"]
[White "Vu, Minh Anh"]
[Black "Kiefhaber, Marlene"]
[Result "1-0"]
[Termination "normal"]
[Board "6.3"]
[WhiteElo "800"]
[BlackElo "839"]
[WhiteTeam "Kant-Gymnasium Karlsruhe"]
[BlackTeam "Goethe-Gymnasium Karlsruhe"]
[PlyCount "57"]
[WhiteFideId "16235304"]
[EventCountry "GER"]
[EventRounds "7"]
[EventType "team-swiss"]
[EventDate "2015.05.07"]

1. e4 c6 2. d4 d5 3. e5 Nd7 4. Nc3 e6 5. Nf3 Bb4 6. Bg5 f6 7. Bh4 Ne7 8. exf6
Nxf6 9. Bd3 O-O 10. O-O Nf5 11. a3 Bxc3 12. bxc3 Nxh4 13. Nxh4 Qd6 14. Re1 Qf4
15. g3 Qc7 16. Rb1 Qa5 17. Qd2 Qxa3 18. Nf3 Re8 19. Ng5 e5 20. Bxh7+ Nxh7 21.
Nxh7 Kxh7 22. dxe5 Bh3 23. Qd3+ Kg8 24. g4 Qe7 25. Qxh3 Qa3 26. Qh5 Re6 27.
Rxb7 Qxc3 28. Qf7+ Kh7 29. Qxg7# 1-0

[Event "DSM WK M 2015"]
[Site "Karlsruhe GER"]
[Date "2015.05.09"]
[Round "6"]
[White "Linder, Tabea"]
[Black "Nast, Lara"]
[Result "1/2-1/2"]
[Termination "normal"]
[Board "6.4"]
[WhiteElo "800"]
[BlackElo "800"]
[WhiteTeam "Goethe-Gymnasium Karlsruhe"]
[BlackTeam "Kant-Gymnasium Karlsruhe"]
[PlyCount "109"]
[BlackFideId "16259831"]
[EventCountry "GER"]
[EventRounds "7"]
[EventType "team-swiss"]
[EventDate "2015.05.07"]

1. e4 e5 2. Nf3 Nc6 3. Nc3 Nf6 4. Bc4 Bc5 5. O-O O-O 6. d3 d6 7. Bd2 Bd7 8. Bd5
Qe8 9. Be3 Bxe3 10. fxe3 Rb8 11. d4 Bg4 12. h3 Bxf3 13. Rxf3 Ne7 14. Qd3 c6 15.
Bc4 d5 16. exd5 cxd5 17. Bb5 Qc8 18. dxe5 Nd7 19. Bxd7 Qxd7 20. Rd1 Rfd8 21.
Rf4 Rbc8 22. Rd4 Rc5 23. e4 f6 24. exf6 gxf6 25. exd5 Qf5 26. Qxf5 Nxf5 27.
Rg4+ Ng7 28. Rg3 h5 29. b4 Rc4 30. a3 h4 31. Re3 Rf8 32. d6 Rd8 33. d7 Kf7 34.
b5 Nf5 35. Re8 Rxe8 36. dxe8=Q+ Kxe8 37. Nd5 Rc5 38. Rd2 Rxb5 39. Nc7+ Ke7 40.
Nxb5 a6 41. Nd4 b5 42. Nxf5+ Ke6 43. Nxh4 a5 44. Nf3 b4 45. axb4 axb4 46. h4
Kf7 47. c4 bxc3 48. Rc2 Kg6 49. Rxc3 f5 50. Ng5 Kh5 51. Rf3 Kg4 52. g3 Kh5 53.
Rxf5 Kg4 54. Rf4+ Kxg3 55. Re4 {Patt} 1/2-1/2

[Event "DSM WK M 2015"]
[Site "Karlsruhe GER"]
[Date "2015.05.09"]
[Round "6"]
[White "Neumann, Tina"]
[Black "Alcer, Johanna"]
[Result "1/2-1/2"]
[Termination "normal"]
[Board "7.1"]
[WhiteElo "1284"]
[BlackElo "1180"]
[WhiteTeam "Veit-Ludwig-von-Seckendorff-Gymnasium Meuselwitz"]
[BlackTeam "Käthe-Kollwitz-Gymnasium Berlin"]
[PlyCount "41"]
[WhiteFideId "16212371"]
[BlackFideId "12964450"]
[EventCountry "GER"]
[EventRounds "7"]
[EventType "team-swiss"]
[EventDate "2015.05.07"]

1. e4 e5 2. Nf3 Nc6 3. d4 exd4 4. c3 dxc3 5. Bc4 Qe7 6. Nxc3 Nf6 7. O-O d6 8.
Nd5 Nxd5 9. exd5 Ne5 10. Nxe5 dxe5 11. Re1 f6 12. Qa4+ Bd7 13. Bb5 Qb4 14.
Bxd7+ Kd8 15. Rd1 a6 16. Qxb4 Bxb4 17. Ba4 Ke7 18. a3 Bc5 19. Be3 Bd6 20. b4
Rhd8 21. Bc5 1/2-1/2

[Event "DSM WK M 2015"]
[Site "Karlsruhe GER"]
[Date "2015.05.09"]
[Round "6"]
[White "Traktmann, Daniela"]
[Black "Meyer, Jessica"]
[Result "0-1"]
[Termination "normal"]
[Board "7.2"]
[WhiteElo "973"]
[BlackElo "1040"]
[WhiteTeam "Käthe-Kollwitz-Gymnasium Berlin"]
[BlackTeam "Veit-Ludwig-von-Seckendorff-Gymnasium Meuselwitz"]
[PlyCount "28"]
[BlackFideId "16230019"]
[EventCountry "GER"]
[EventRounds "7"]
[EventType "team-swiss"]
[EventDate "2015.05.07"]

1. e4 c5 2. Bc4 e6 3. Nf3 Be7 4. O-O d6 5. Nc3 Qc7 6. Nb5 Qc6 7. d3 a6 8. Nc3
b5 9. Bb3 Nd7 10. a3 Ngf6 11. Bf4 Bb7 12. e5 dxe5 13. Bxe5 Nxe5 14. Nxe5 Qxg2#
0-1

[Event "DSM WK M 2015"]
[Site "Karlsruhe GER"]
[Date "2015.05.09"]
[Round "6"]
[White "Wilmar, Anna"]
[Black "Buschek, Paula"]
[Result "1-0"]
[Termination "normal"]
[Board "7.3"]
[WhiteElo "800"]
[BlackElo "788"]
[WhiteTeam "Veit-Ludwig-von-Seckendorff-Gymnasium Meuselwitz"]
[BlackTeam "Käthe-Kollwitz-Gymnasium Berlin"]
[PlyCount "79"]
[BlackFideId "16217373"]
[EventCountry "GER"]
[EventRounds "7"]
[EventType "team-swiss"]
[EventDate "2015.05.07"]

1. d4 d6 2. Nf3 Nd7 3. Bf4 c5 4. dxc5 dxc5 5. e3 Ngf6 6. Bb5 g6 7. Ne5 Bg7 8.
Bc4 O-O 9. Nc3 Nxe5 10. Bxe5 Bf5 11. Bxf6 Bxf6 12. e4 Qxd1+ 13. Kxd1 Rad8+ 14.
Ke2 Bxc3 15. bxc3 Bxe4 16. Bd3 Bxg2 17. Rhe1 a6 18. c4 Rb8 19. a4 Bc6 20. Kf1
b5 21. cxb5 axb5 22. c4 bxa4 23. Rxe7 Rfe8 24. Re2 Rb3 25. Bc2 Rb2 26. Bd3 a3
27. Rxa3 Rb4 28. Ra5 Bb7 29. Rxe8+ Kg7 30. Rxc5 Rb3 31. Rb5 Rxd3 32. Rxb7 h5
33. c5 Rc3 34. Rc7 Rc1+ 35. Kg2 g5 36. Kg3 h4+ 37. Kg2 Kg6 38. f3 f5 39. Re6+
Kh5 40. Rh7# 1-0

[Event "DSM WK M 2015"]
[Site "Karlsruhe GER"]
[Date "2015.05.09"]
[Round "6"]
[White "Eilers-König, Nadja"]
[Black "Jubelt, Lea"]
[Result "1-0"]
[Termination "normal"]
[Board "7.4"]
[WhiteElo "800"]
[BlackElo "696"]
[WhiteTeam "Käthe-Kollwitz-Gymnasium Berlin"]
[BlackTeam "Veit-Ludwig-von-Seckendorff-Gymnasium Meuselwitz"]
[PlyCount "79"]
[WhiteFideId "16217390"]
[EventCountry "GER"]
[EventRounds "7"]
[EventType "team-swiss"]
[EventDate "2015.05.07"]

1. c4 e5 2. Nc3 Nc6 3. d3 Nf6 4. Nf3 Nd4 5. g3 Be7 6. Bg2 O-O 7. O-O d6 8. Be3
Nc6 9. a3 a6 10. b4 b5 11. cxb5 axb5 12. Nxb5 Ba6 13. Nc3 Rb8 14. Ng5 Qd7 15.
Qa4 Bb7 16. Nd5 Nh5 17. Nxe7+ Qxe7 18. Bxc6 Bxc6 19. Qxc6 Nf6 20. Rac1 d5 21.
Qxc7 Qxc7 22. Rxc7 Rfc8 23. Rxc8+ Rxc8 24. Rc1 Re8 25. a4 h6 26. Nf3 e4 27.
dxe4 dxe4 28. Nh4 Nd5 29. b5 Nxe3 30. fxe3 Re5 31. Rb1 g5 32. Ng2 Kf8 33. a5
Ke8 34. b6 Kd8 35. b7 Re8 36. b8=Q+ Kd7 37. Qb6 Rh8 38. Rc1 h5 39. Rc7+ Kd8 40.
Qb8# 1-0

[Event "DSM WK M 2015"]
[Site "Karlsruhe GER"]
[Date "2015.05.09"]
[Round "6"]
[White "Marquard, Chantal"]
[Black "Möller, Hannah"]
[Result "0-1"]
[Termination "normal"]
[Board "8.1"]
[WhiteElo "800"]
[BlackElo "1485"]
[WhiteTeam "Oberschule Adolph Diesterweg Hennigsdorf"]
[BlackTeam "Franziskusgymnasium Lingen"]
[PlyCount "56"]
[BlackFideId "1270514"]
[EventCountry "GER"]
[EventRounds "7"]
[EventType "team-swiss"]
[EventDate "2015.05.07"]

1. d4 Nf6 2. Nf3 g6 3. Bf4 Bg7 4. e3 d6 5. Nc3 Nbd7 6. Bb5 a6 7. Bc4 O-O 8. Bb3
c5 9. O-O b5 10. a4 b4 11. Ne2 a5 12. Nd2 Nb6 13. h3 Bb7 14. Ng3 h6 15. c3 g5
16. e4 gxf4 17. Nh1 Qd7 18. Nc4 Nxc4 19. Bxc4 Bxe4 20. f3 Bc6 21. b3 bxc3 22.
Re1 cxd4 23. Qxd4 Ng4 24. Qxc3 Bxc3 25. Rac1 Qa7+ 26. Kf1 Nh2+ 27. Ke2 Qe3+ 28.
Kd1 Qd2# 0-1

[Event "DSM WK M 2015"]
[Site "Karlsruhe GER"]
[Date "2015.05.09"]
[Round "6"]
[White "Surmann, Imke"]
[Black "Nemitz, Rebekka"]
[Result "1-0"]
[Termination "normal"]
[Board "8.2"]
[WhiteElo "800"]
[BlackElo "825"]
[WhiteTeam "Franziskusgymnasium Lingen"]
[BlackTeam "Oberschule Adolph Diesterweg Hennigsdorf"]
[PlyCount "89"]
[EventCountry "GER"]
[EventRounds "7"]
[EventType "team-swiss"]
[EventDate "2015.05.07"]

1. e4 e5 2. Nf3 Nc6 3. Nc3 Bc5 4. Bc4 Nf6 5. O-O d6 6. h3 Be6 7. d3 d5 8. Bb5
a6 9. Bxc6+ bxc6 10. Nh2 O-O 11. Qf3 d4 12. Ne2 Rb8 13. Qg3 Nh5 14. Qf3 Qh4 15.
g3 Qxh3 16. Bd2 f5 17. Nc1 f4 18. g4 Nf6 19. Qxh3 Bxg4 20. Nxg4 Nxg4 21. Qxg4
Rf6 22. Kh2 Rh6+ 23. Qh3 Rxh3+ 24. Kxh3 Rf8 25. Nb3 Be7 26. c3 c5 27. Rg1 Rf6
28. cxd4 cxd4 29. Rac1 a5 30. Rxc7 Rh6+ 31. Kg2 Bh4 32. Rgc1 Rg6+ 33. Kh3 Bxf2
34. R1c6 Rg3+ 35. Kh4 Rg6+ 36. Kh5 Rxc6 37. Rxc6 h6 38. Bxa5 f3 39. Nd2 Be1 40.
Nxf3 Bxa5 41. Nxe5 Bd8 42. Kg6 Be7 43. Rc8+ Bf8 44. Nd7 h5 45. Rxf8# 1-0

[Event "DSM WK M 2015"]
[Site "Karlsruhe GER"]
[Date "2015.05.09"]
[Round "6"]
[White "Fischer, Trixy"]
[Black "Schäfer, Leonie"]
[Result "0-1"]
[Termination "normal"]
[Board "8.3"]
[WhiteElo "800"]
[BlackElo "792"]
[WhiteTeam "Oberschule Adolph Diesterweg Hennigsdorf"]
[BlackTeam "Franziskusgymnasium Lingen"]
[PlyCount "56"]
[WhiteFideId "16217462"]
[BlackFideId "16241851"]
[EventCountry "GER"]
[EventRounds "7"]
[EventType "team-swiss"]
[EventDate "2015.05.07"]

1. e4 Nc6 2. Nc3 e6 3. Bc4 Nge7 4. Nf3 g6 5. O-O Bg7 6. d4 e5 7. d5 Nd4 8. Nh4
d6 9. Bg5 c6 10. dxc6 bxc6 11. h3 Qd7 12. Na4 d5 13. c3 Ne6 14. Be3 dxc4 15.
Bc5 Qxd1 16. Raxd1 Nxc5 17. Nxc5 O-O 18. b3 cxb3 19. axb3 a5 20. Rd2 Ba6 21.
Ra1 Bb5 22. b4 axb4 23. Rc1 bxc3 24. Rxc3 Bh6 25. Rd7 Bg5 26. Nf3 Bf4 27. Rxe7
Ra1+ 28. Ne1 Rxe1# 0-1

[Event "DSM WK M 2015"]
[Site "Karlsruhe GER"]
[Date "2015.05.09"]
[Round "6"]
[White "Brüwer, Sophie"]
[Black "Uhn, Jeannine"]
[Result "1-0"]
[Termination "normal"]
[Board "8.4"]
[WhiteElo "800"]
[BlackElo "800"]
[WhiteTeam "Franziskusgymnasium Lingen"]
[BlackTeam "Oberschule Adolph Diesterweg Hennigsdorf"]
[PlyCount "41"]
[EventCountry "GER"]
[EventRounds "7"]
[EventType "team-swiss"]
[EventDate "2015.05.07"]

1. e4 e5 2. Nf3 Nc6 3. Nc3 Nf6 4. Bc4 Bc5 5. d3 d6 6. Bg5 h6 7. Bd2 b6 8. h3
Be6 9. Bb3 Nh5 10. Ba4 Bd7 11. O-O f6 12. Nh2 g6 13. a3 f5 14. exf5 gxf5 15.
Qxh5+ Kf8 16. Bg5 Qc8 17. Bxh6+ Ke7 18. Nd5+ Ke6 19. Qg6+ Kxd5 20. Bb3+ Kd4 21.
Nf3# 1-0

[Event "DSM WK M 2015"]
[Site "Karlsruhe GER"]
[Date "2015.05.09"]
[Round "6"]
[White "Becker, Nina"]
[Black "Brokinkel, Lilli"]
[Result "1-0"]
[Termination "normal"]
[Board "9.1"]
[WhiteElo "1102"]
[BlackElo "800"]
[WhiteTeam "Warndt-Gymnasium Völklingen"]
[BlackTeam "Oberschule Am Barkhof Bremen"]
[PlyCount "117"]
[EventCountry "GER"]
[EventRounds "7"]
[EventType "team-swiss"]
[EventDate "2015.05.07"]

1. e4 e5 2. Nf3 Nc6 3. Bc4 Nf6 4. d3 Bb4+ 5. Bd2 d6 6. Bxb4 Nxb4 7. h3 O-O 8.
Nc3 Re8 9. Ng5 Be6 10. Nxe6 fxe6 11. a3 d5 12. exd5 exd5 13. Bb3 Nc6 14. O-O a6
15. Qf3 Nd4 16. Qe3 c6 17. f4 Nf5 18. Qf2 Nd4 19. fxe5 Rxe5 20. Qxd4 Qd6 21.
Ne4 Nxe4 22. dxe4 Rxe4 23. Qxe4 g6 24. Qf3 c5 25. Bxd5+ Kg7 26. Qf7+ Kh6 27.
Qxb7 Rb8 28. Qc6 Qxc6 29. Bxc6 a5 30. b3 Rc8 31. Bd5 Rd8 32. Bc4 Rd4 33. Rad1
Rxd1 34. Rxd1 g5 35. Kh2 Kh5 36. Kg3 Kg6 37. Rd6+ Kf5 38. h4 Ke5 39. Rd8 h6 40.
hxg5 hxg5 41. Bd3 Kf6 42. Rd5 c4 43. bxc4 a4 44. Kg4 Ke6 45. Bf5+ Kf6 46. Rd6+
Ke5 47. Rd1 Kf6 48. Re1 Kg7 49. Kxg5 Kf7 50. Re6 Kg7 51. Bd3 Kf7 52. Ra6 Ke7
53. Kf5 Kd7 54. Ke5 Ke7 55. Ra7+ Kd8 56. Ke6 Kc8 57. Rh7 Kd8 58. g3 Ke8 59.
Rh8# 1-0

[Event "DSM WK M 2015"]
[Site "Karlsruhe GER"]
[Date "2015.05.09"]
[Round "6"]
[White "Bachmann, Paula"]
[Black "Bohdjalian, Roxanne"]
[Result "0-1"]
[Termination "normal"]
[Board "9.2"]
[WhiteElo "800"]
[BlackElo "1117"]
[WhiteTeam "Oberschule Am Barkhof Bremen"]
[BlackTeam "Warndt-Gymnasium Völklingen"]
[PlyCount "56"]
[BlackFideId "12937789"]
[EventCountry "GER"]
[EventRounds "7"]
[EventType "team-swiss"]
[EventDate "2015.05.07"]

1. e4 e6 2. Nc3 d5 3. Bb5+ Nc6 4. Bxc6+ bxc6 5. d3 e5 6. Nf3 Bg4 7. h3 Bxf3 8.
gxf3 Bc5 9. h4 Nf6 10. f4 Nd7 11. f5 O-O 12. exd5 cxd5 13. Nxd5 Nf6 14. Nc3 h5
15. Bg5 Qd4 16. Ne2 Qxf2+ 17. Kd2 Qxf5 18. c3 Rad8 19. Bxf6 Rxd3+ 20. Kc2 Rxd1+
21. Kxd1 Qxf6 22. Ng3 Qf3+ 23. Ke1 Qxg3+ 24. Kd1 Qf3+ 25. Kd2 Rd8+ 26. Kc2 Qd3+
27. Kb3 Rb8+ 28. Ka4 Qa6# 0-1

[Event "DSM WK M 2015"]
[Site "Karlsruhe GER"]
[Date "2015.05.09"]
[Round "6"]
[White "Bohdjalian, Johanna"]
[Black "Matern, Alexa"]
[Result "0-1"]
[Termination "normal"]
[Board "9.3"]
[WhiteElo "800"]
[BlackElo "800"]
[WhiteTeam "Warndt-Gymnasium Völklingen"]
[BlackTeam "Oberschule Am Barkhof Bremen"]
[PlyCount "91"]
[EventCountry "GER"]
[EventRounds "7"]
[EventType "team-swiss"]
[EventDate "2015.05.07"]

1. e4 e5 2. Nc3 Nc6 3. Nf3 Nf6 4. Bc4 Bc5 5. Na4 d6 6. d3 Bg4 7. h3 Bh5 8. O-O
h6 9. Qd2 O-O 10. Nxc5 dxc5 11. d4 exd4 12. e5 Ne4 13. Qd3 Ng5 14. a3 Re8 15.
Qf5 a6 16. Bd3 Ne7 17. Qf4 b6 18. Nxg5 hxg5 19. Qe4 Kf8 20. Bxg5 Qb8 21. Qh4
Bg6 22. Qh8+ Ng8 23. Rae1 Ra7 24. Bxg6 fxg6 25. Bf6 gxf6 26. exf6 c6 27. f4 a5
28. f5 gxf5 29. Rxf5 Rxe1+ 30. Kf2 Rb1 31. Kf3 Rxb2 32. Kg4 Rxc2 33. Kh5 Qe8+
34. Kh4 d3 35. Rf1 d2 36. Kg5 Rc1 37. g4 Rxf1 38. Kh4 d1=Q 39. Qh5 Qxh5+ 40.
Kxh5 Re1 41. Kh4 Re5 42. Kg3 Qd4 43. a4 Re3+ 44. Kh4 Rh7+ 45. Kg5 Rg3 46. Kg6
0-1

[Event "DSM WK M 2015"]
[Site "Karlsruhe GER"]
[Date "2015.05.09"]
[Round "6"]
[White "Issifou, Yusra"]
[Black "Pitschmann, Lea"]
[Result "0-1"]
[Termination "normal"]
[Board "9.4"]
[WhiteElo "800"]
[BlackElo "800"]
[WhiteTeam "Oberschule Am Barkhof Bremen"]
[BlackTeam "Warndt-Gymnasium Völklingen"]
[PlyCount "44"]
[EventCountry "GER"]
[EventRounds "7"]
[EventType "team-swiss"]
[EventDate "2015.05.07"]

1. e4 Nc6 2. Nc3 e5 3. Nf3 Nf6 4. Bb5 a6 5. Bc4 d6 6. h3 Be6 7. Bxe6 fxe6 8.
O-O d5 9. exd5 exd5 10. Qe1 Bc5 11. Nxe5 O-O 12. Nxc6 bxc6 13. d3 h6 14. Qe6+
Kh8 15. Qxc6 Bd6 16. Nxd5 Qd7 17. Qc4 c6 18. Nb6 Qe7 19. Nxa8 Rxa8 20. Qxc6 Rd8
21. Qxa6 Qe5 22. Be3 Qh2# 0-1